Missing Word: Rolling Stones Songs (A-Z) Quiz Stats

 Plays Quiz Updated Apr 14, 2013

Support Sporcle.
Go Orange.
Score 0/23 Timer 03:00
0 Plays Today
Song Title Missing Word % Correct
You Can't ____ Get What You WantAlways
98.1%
(I Can't Get No) ____Satisfaction
92.5%
Mother's ____ HelperLittle
91.3%
____ SugarBrown
88.5%
Jumping Jack ____Flash
87.1%
____ My ThumbUnder
85.8%
Ruby ____Tuesday
83.2%
It's All ____ NowOver
83.1%
Honky Tonk ____Women
82.2%
____ It, BlackPaint
81.7%
Sympathy for the ____Devil
75.9%
Something Happened to Me ____Yesterday
75.4%
Song Title Missing Word % Correct
____ ShelterGimme
70%
Get Off of My ____Cloud
65.2%
Wild ____Horses
63.7%
19th ____ BreakdownNervous
57.8%
____ EmotionsMixed
48.6%
____ RescueEmotional
34.4%
Can't You Hear Me ____Knocking
33.7%
Back to ____Zero
30.1%
She's a ____Rainbow
19.1%
Rough ____Justice
14.2%
____ BluesVentilator
6%

Today's Daily Dose

Missing Word
'80s Musicals

Word Ladder
Hereditary

Get the Picture
Food Names

From the Vault

Pick the Sandra Bullock Movie

by beforever

Movies 3m
She can convincingly play a beauty queen and a bus driver.
Remove Ads.
Support Sporcle.
Get the best of Sporcle when you Go Orange. This ad-free experience offers more features, more stats, and more fun while also helping to support Sporcle. Thank you for becoming a member.

Show Comments

Extras

Top Quizzes Today


Score Distribution

Your Account Isn't Verified!

In order to create a playlist on Sporcle, you need to verify the email address you used during registration. Go to your Sporcle Settings to finish the process.

Report this User

Report this user for behavior that violates our Community Guidelines.

Details: